[Event "Oberfranken-ch 1213"]
[Site "Schney"]
[Date "2013.01.05"]
[Round "6"]
[White "Von Loeffelholz, Klaus"]
[Black "Benner, Viktor"]
[Result "0-1"]
[WhiteElo "1524"]
[BlackElo "1861"]
[PlyCount "98"]
[EventDate "2013.01.03"]
[EventType "swiss"]
[EventRounds "7"]
[EventCountry "GER"]
[SourceTitle "EXT 2015"]
[Source "ChessBase"]
[SourceDate "2014.11.20"]
[SourceVersion "1"]
[SourceVersionDate "2014.11.20"]
[SourceQuality "1"]

1. d4 d5 2. c4 c6 3. Nc3 e6 4. e3 Nf6 5. Nf3 Nbd7 6. a3 Bd6 7. Be2 0-0 8. b3 Re8 9. 0-0 a6 10. Nd2 e5 11. dxe5 Bxe5 12. Bb2 Qc7 13. g3 d4 14. exd4 Bxd4 15. Nf3 Ba7 16. b4 Ne5 17. Nxe5 Qxe5 18. Bf3 Bh3 19. Na4 Qf5 20. Bg2 Rad8 21. Qb1 Ne4 22. c5 Bxg2 23. Kxg2 Rd2 24. Qe1 Red8 25. Nc3 Ng5 26. Qe3 Rxb2 27. Rad1 Rf8 28. h4 Ne6 29. Ne4 Bb8 30. Nd6 Bxd6 31. cxd6 Qb5 32. Rfe1 Rd8 33. Qc3 Re2 34. a4 Rxe1 35. axb5 Rxd1 36. bxc6 bxc6 37. Qxc6 R1xd6 38. Qb7 Nd4 39. Qc7 Kf8 40. Qc5 Nb5 41. g4 h6 42. f3 Kg8 43. h5 Rf6 44. g5 hxg5 45. Qe7 Rd4 46. Qc5 Rdf4 47. Qc8+ Kh7 48. Qc2+ Kh6 49. Qc8 Kxh5 0-1

[Event "Regionalliga NW 1213"]
[Site "Bayern"]
[Date "2012.11.11"]
[Round "2.8"]
[White "Von Loeffelholz, Klaus"]
[Black "Mehling, Katharina"]
[Result "0-1"]
[WhiteElo "1539"]
[BlackElo "1811"]
[PlyCount "149"]
[EventDate "2012.10.14"]
[EventType "team-tourn"]
[EventRounds "9"]
[EventCountry "GER"]
[SourceTitle "EXT 2015"]
[Source "ChessBase"]
[SourceDate "2014.11.20"]
[SourceVersion "1"]
[SourceVersionDate "2014.11.20"]
[SourceQuality "1"]
[WhiteTeam "Coburg"]
[BlackTeam "Stetten"]
[WhiteTeamCountry "GER"]
[BlackTeamCountry "GER"]

1. d4 Nf6 2. c4 g6 3. Nf3 Bg7 4. e3 0-0 5. Nc3 d6 6. e4 Nc6 7. d5 Ne5 8. Nxe5 dxe5 9. Qc2 Bd7 10. g3 c6 11. Bg2 e6 12. d6 c5 13. Be3 b6 14. Qe2 Bc6 15. Rd1 Nd7 16. 0-0 Bb7 17. Qd2 Nb8 18. Bh3 Nc6 19. Bg5 Nd4 20. Bxd8 Nf3+ 21. Kg2 Nxd2 22. Rxd2 Raxd8 23. f3 Rd7 24. Rfd1 Rfd8 25. Nb5 a6 26. Nc7 Bf8 27. Nxe6 fxe6 28. Bxe6+ Kg7 29. Bxd7 Rxd7 30. Kf2 Kf6 31. Ke3 Ke6 32. f4 exf4+ 33. gxf4 Rxd6 34. Rxd6+ Bxd6 35. Kf3 Bc6 36. h4 Be7 37. Rh1 h6 38. Ke3 Bf6 39. b3 Bd4+ 40. Kf3 h5 41. Rh2 Kf7 42. Re2 Bd7 43. Kg3 Bg4 44. Rd2 Ke6 45. Rd3 Kd6 46. Rd2 Kc6 47. Rh2 Be3 48. Rh1 b5 49. Rh2 bxc4 50. bxc4 Bd4 51. Rd2 Kb6 52. Rc2 Ka5 53. Rc1 Be2 54. e5 Bd3 55. e6 Bf6 56. Re1 Be7 57. Rd1 Bxc4 58. Rd7 Bxh4+ 59. Kxh4 Bxe6 60. Rc7 Kb6 61. Re7 Bf5 62. Re2 c4 63. Rb2+ Kc5 64. Rb7 c3 65. Kg3 c2 66. Rc7+ Kb4 67. Kf2 a5 68. Ke3 Ka3 69. Kd2 Kxa2 70. Kc1 Kb3 71. Re7 h4 72. Re2 h3 73. Rh2 a4 74. Rf2 a3 75. Rf3+ 0-1

[Event "Oberfranken-ch Q 0607"]
[Site "Schney"]
[Date "2007.01.04"]
[Round "6"]
[White "Beer, Moritz"]
[Black "Von Loeffelholz, Klaus"]
[Result "1-0"]
[WhiteElo "1266"]
[BlackElo "1604"]
[PlyCount "91"]
[EventDate "2007.01.02"]
[EventType "swiss"]
[EventRounds "6"]
[EventCountry "GER"]
[SourceTitle "EXT 2015"]
[Source "ChessBase"]
[SourceDate "2014.11.20"]
[SourceVersion "1"]
[SourceVersionDate "2014.11.20"]
[SourceQuality "1"]

1. d4 d5 2. e3 Nf6 3. Bd3 c5 4. c3 e6 5. f4 Bd6 6. Nf3 Nc6 7. Ne5 Qb6 8. Nd2 a6 9. Ndf3 h6 10. 0-0 Ne4 11. Qc2 f5 12. Ng6 Rg8 13. Nfe5 Qc7 14. Bxe4 fxe4 15. Qf2 Be7 16. Bd2 b5 17. g4 Bb7 18. h4 0-0-0 19. g5 Kb8 20. gxh6 gxh6 21. h5 Rdf8 22. Kh1 Rf5 23. Qh2 c4 24. Rg1 Bd6 25. Qh4 Ka7 26. b4 Qd8 27. Qh3 Nxe5 28. fxe5 Bc7 29. Raf1 Bc8 30. Rf4 Qd7 31. Rxf5 exf5 32. Be1 Bd8 33. Bh4 Bc7 34. Be7 Qe8 35. Bc5+ Kb7 36. Ne7 Rxg1+ 37. Kxg1 Be6 38. Nxf5 Qg8+ 39. Kh2 Ka8 40. Nxh6 Qc8 41. Qg2 Qd8 42. Qg6 Qh4+ 43. Kg1 Qe1+ 44. Kh2 Qe2+ 45. Kh1 Bh3 46. Qxa6+ 1-0

[Event "Oberfranken-ch Q 0607"]
[Site "Schney"]
[Date "2007.01.03"]
[Round "4"]
[White "Max, Uwe"]
[Black "Von Loeffelholz, Klaus"]
[Result "1-0"]
[WhiteElo "1857"]
[BlackElo "1604"]
[PlyCount "53"]
[EventDate "2007.01.02"]
[EventType "swiss"]
[EventRounds "6"]
[EventCountry "GER"]
[SourceTitle "EXT 2015"]
[Source "ChessBase"]
[SourceDate "2014.11.20"]
[SourceVersion "1"]
[SourceVersionDate "2014.11.20"]
[SourceQuality "1"]

1. d4 d5 2. c4 dxc4 3. Nf3 Nf6 4. e3 Bd7 5. Bxc4 e6 6. 0-0 Nc6 7. Nc3 Bb4 8. a3 Bxc3 9. bxc3 Na5 10. Bd3 Bc6 11. Ne5 Be4 12. Bxe4 Nxe4 13. Nxf7 Kxf7 14. Qh5+ g6 15. Qxa5 Nd6 16. f3 a6 17. e4 h6 18. Bf4 b6 19. Qb4 a5 20. Qb3 a4 21. Qa2 Nb5 22. Be5 Re8 23. Qd2 g5 24. f4 Kg6 25. fxg5 Rf8 26. Rxf8 Qxf8 27. Rf1 1-0

[Event "Oberfranken-ch Q 0607"]
[Site "Schney"]
[Date "2007.01.03"]
[Round "3"]
[White "Von Loeffelholz, Klaus"]
[Black "Ritter, Hans Juergen"]
[Result "1-0"]
[WhiteElo "1604"]
[BlackElo "1181"]
[PlyCount "55"]
[EventDate "2007.01.02"]
[EventType "swiss"]
[EventRounds "6"]
[EventCountry "GER"]
[SourceTitle "EXT 2015"]
[Source "ChessBase"]
[SourceDate "2014.11.20"]
[SourceVersion "1"]
[SourceVersionDate "2014.11.20"]
[SourceQuality "1"]

1. d4 d5 2. Nf3 Nf6 3. c4 c6 4. Nc3 e6 5. Bg5 Be7 6. Qc2 Nbd7 7. e3 0-0 8. Bd3 b6 9. 0-0 Bb7 10. b3 dxc4 11. bxc4 c5 12. Nd2 cxd4 13. exd4 e5 14. Bxf6 Nxf6 15. dxe5 Nh5 16. Bxh7+ Kh8 17. Nde4 g6 18. Bxg6 fxg6 19. Nd6 Bxd6 20. Qxg6 Nf4 21. Qh6+ Kg8 22. Rad1 Nxg2 23. Rxd6 Qh4 24. Rg6+ Kf7 25. e6+ Ke7 26. Qg7+ Kd6 27. e7+ Kc5 28. exf8Q+ 1-0

[Event "Oberfranken-ch Q 0607"]
[Site "Schney"]
[Date "2007.01.02"]
[Round "2"]
[White "Baumgaertner, Frank"]
[Black "Von Loeffelholz, Klaus"]
[Result "1-0"]
[WhiteElo "1815"]
[BlackElo "1604"]
[PlyCount "40"]
[EventDate "2007.01.02"]
[EventType "swiss"]
[EventRounds "6"]
[EventCountry "GER"]
[SourceTitle "EXT 2015"]
[Source "ChessBase"]
[SourceDate "2014.11.20"]
[SourceVersion "1"]
[SourceVersionDate "2014.11.20"]
[SourceQuality "1"]

1. d4 d5 2. Nf3 c6 3. e3 Bg4 4. Nbd2 Nf6 5. Be2 Nbd7 6. b3 Qc7 7. Bb2 e6 8. 0-0 Bd6 9. h3 Bh5 10. c4 c5 11. Rc1 Qb6 12. cxd5 exd5 13. dxc5 Bxc5 14. Nd4 Bg6 15. N2f3 h6 16. Bd3 0-0 17. Bxg6 fxg6 18. Qd3 Ne4 19. Rc2 g5 20. Rfc1 h5 1-0

[Event "Oberfranken-ch Q 0506"]
[Site "Schney"]
[Date "2006.01.04"]
[Round "5"]
[White "Von Loeffelholz, Klaus"]
[Black "Hoffmann, Joerg"]
[Result "1/2-1/2"]
[WhiteElo "1583"]
[BlackElo "1584"]
[PlyCount "39"]
[EventDate "2006.01.02"]
[EventType "swiss"]
[EventRounds "6"]
[EventCountry "GER"]
[SourceTitle "EXT 2015"]
[Source "ChessBase"]
[SourceDate "2014.11.20"]
[SourceVersion "1"]
[SourceVersionDate "2014.11.20"]
[SourceQuality "1"]

1. d4 d5 2. Nf3 Nf6 3. c4 c6 4. Nc3 dxc4 5. a4 Bf5 6. e3 e6 7. Bxc4 Bb4 8. 0-0 0-0 9. Nd2 Bg6 10. Qe2 Re8 11. Bd3 Bxd3 12. Qxd3 e5 13. Nde4 Nxe4 14. Nxe4 exd4 15. exd4 Na6 16. Ng5 g6 17. Qh3 h5 18. Qf3 Qd5 19. Qxd5 cxd5 20. Be3 1/2-1/2

[Event "Oberfranken-ch Q 0506"]
[Site "Schney"]
[Date "2006.01.03"]
[Round "4"]
[White "Stieg, Bastian"]
[Black "Von Loeffelholz, Klaus"]
[Result "1-0"]
[WhiteElo "1652"]
[BlackElo "1583"]
[PlyCount "115"]
[EventDate "2006.01.02"]
[EventType "swiss"]
[EventRounds "6"]
[EventCountry "GER"]
[SourceTitle "EXT 2015"]
[Source "ChessBase"]
[SourceDate "2014.11.20"]
[SourceVersion "1"]
[SourceVersionDate "2014.11.20"]
[SourceQuality "1"]

1. c4 Nf6 2. g3 e6 3. Bg2 d5 4. Nf3 c6 5. b3 Bd6 6. Bb2 Nbd7 7. d4 b6 8. Nbd2 0-0 9. 0-0 Ne4 10. Nxe4 dxe4 11. Ne5 f5 12. f3 Nxe5 13. dxe5 Bc5+ 14. Kh1 e3 15. f4 Qc7 16. Qc2 Bb7 17. Rad1 Rad8 18. Bf3 Qb8 19. Rd3 Rxd3 20. exd3 Bb4 21. Bc1 Bc5 22. Bb2 Rd8 23. Rd1 Bd4 24. Bxd4 c5 25. Qe2 cxd4 26. Qg2 Bxf3 27. Qxf3 Qc7 28. Kg1 Qc5 29. g4 Qa3 30. gxf5 exf5 31. Qg2 Qc5 32. Qb7 a5 33. h3 h6 34. Kh2 Qb4 35. Rg1 Qf8 36. Qc6 Rb8 37. Qxh6 e2 38. Qh5 e1Q 39. Rxe1 Qb4 40. Qe2 Qc3 41. Rg1 Rb7 42. Rg3 Qc1 43. Qf2 Qc3 44. Qf3 Re7 45. h4 Qe1 46. h5 Kh7 47. Qg2 Qc1 48. Qf2 Qa1 49. Rg2 Qc3 50. Qg3 Qc1 51. Qg6+ Kh8 52. Qxf5 Re8 53. Qf7 Rg8 54. Qf5 Qe1 55. Qg4 Qe3 56. Qg3 Qc1 57. f5 Qh6 58. Qg5 1-0